Loading...
| History - European | 0 | 4 | 0 | 0 | 40 | 33 | 42.00 | 0 | 2 | 13.41 | 15.87 |
| Science - Other | 0 | 3 | 0 | 2 | 30 | 63 | 92.33 | 0 | 0 | 5.23 | 8.93 |
| Science - Physics | 0 | 3 | 0 | 2 | 30 | 56 | 89.33 | 0 | 0 | 4.91 | 7.50 |
| Religion | 0 | 2 | 0 | 0 | 20 | 34 | 51.50 | 0 | 1 | 10.58 | 10.00 |
| Literature - British | 0 | 2 | 0 | 1 | 20 | 38 | 63.50 | 0 | 1 | 6.34 | 5.83 |
| Science - Chemistry | 0 | 2 | 1 | 1 | 15 | 93 | 97.00 | 0 | 0 | 0.29 | 3.75 |
| Current Events | 0 | 1 | 0 | 0 | 10 | 45 | 45.00 | 0 | 1 | 13.86 | 18.75 |
| History - World | 0 | 1 | 0 | 0 | 10 | 70 | 70.00 | 0 | 0 | 3.33 | 2.50 |
| Literature - World | 0 | 1 | 0 | 1 | 10 | 119 | 119.00 | 0 | 0 | 0.48 | 3.75 |
| Popular Culture | 0 | 1 | 0 | 0 | 10 | 91 | 91.00 | 0 | 0 | 3.45 | 5.00 |
| History - Other | 0 | 0 | 0 | 0 | 0 | 0.00 | 0 | 0 | 0.00 | 0.00 | |
| Social Science | 0 | 0 | 1 | 0 | -5 | 0.00 | 0 | 0 | 0.00 | 0.00 |